000 00274nam a2200109Ia 4500
008 190216s9999||||xx |||||||||||||| ||und||
100 _aRakesh Shahani
245 0 _aFinancial Markets And Services
260 _bGalgotia Publication Pvt Ltf
_c2002
300 _a246
942 _cBK
999 _c6299
_d6299